000 00707nam a2200229Ia 4500
003 OSt
005 20220923224443.0
006 a|||||r|||| 00| 0
007 ta
008 Pun
024 _a233,102
037 _cTextual
040 _aARTS
_cARTS
_bPun
041 _2Pun
_aPun
082 _aQ8441, 153N5
100 _aਸਹਿਰਾਈ, ਹਰਨਾਮ ਦਾਸ
245 0 _aਅਠਵੀ੍ਵ ਪਾਤFਾਹੀ
_b ਜੀਵਨ ਕਥਾ
260 _aਅੰਮ੍ਰਿਤਸਰ
_b ਚਤਰ ਸਿੰਘ ਜੀਵਨ ਸਿੰਘ
_c1995
300 _a72ਪੰ
_ccm.
942 _hQ8441, 153N5
_cTEXL
_2CC
999 _c371556
_d371556